[Event "Wch Seniors 23rd 2013"]
[Site "Opatija"]
[Date "2013.11.22"]
[Round "10.84"]
[White "Trtanj, Zoran"]
[Black "Borensztajn, David"]
[Result "1-0"]
[WhiteElo "1986"]
[BlackElo "1869"]
[PlyCount "67"]
[EventDate "2013.11.12"]

1. Nf3 d5 2. d4 Nf6 3. Bf4 e6 4. e3 c5 5. c3 Nbd7 6. Nbd2 Qb6 7. Rb1 Be7 8. Bd3
Nh5 9. Bg3 Nxg3 10. hxg3 Qc7 11. e4 h6 12. Qe2 dxe4 13. Nxe4 cxd4 14. Nxd4 a6
15. O-O Nf6 16. Rbd1 h5 17. Rfe1 h4 18. g4 h3 19. g3 Bd7 20. Kh2 Nd5 21. f4
O-O-O 22. Qf3 Nf6 23. b4 Kb8 24. Nc5 Bxc5 25. bxc5 e5 26. fxe5 Nxg4+ 27. Kh1
Nxe5 28. Rxe5 Qxe5 29. c6 Be8 30. Rb1 Rxd4 31. cxd4 Qd6 32. Rxb7+ Ka8 33. d5
Qa3 34. Qe3 1-0

[Event "Wch Seniors 23rd 2013"]
[Site "Opatija"]
[Date "2013.11.22"]
[Round "10.85"]
[White "Acosta, Mariano"]
[Black "Peierl, Walter"]
[Result "1/2-1/2"]
[WhiteElo "1978"]
[BlackElo "1834"]
[PlyCount "51"]
[EventDate "2013.11.12"]

1. d4 g6 2. c3 d5 3. Nf3 Bg7 4. Bg5 Nf6 5. Nbd2 Nc6 6. e3 Ne4 7. Nxe4 dxe4 8.
Nd2 f5 9. a4 b6 10. Bh4 O-O 11. Bc4+ Kh8 12. f4 Qd6 13. O-O e6 14. Bb5 a6 15.
Be2 Bf6 16. Bxf6+ Rxf6 17. Nc4 Qe7 18. b4 Qg7 19. Kf2 Ne7 20. Ne5 Nd5 21. Qd2
Qe7 22. Bc4 c6 23. Bxd5 exd5 24. h4 b5 25. a5 Be6 26. g3 1/2-1/2

[Event "Wch Seniors 23rd 2013"]
[Site "Opatija"]
[Date "2013.11.22"]
[Round "10.86"]
[White "Lim, Kian Hwa"]
[Black "Filzmaier, Bruno"]
[Result "1-0"]
[WhiteElo "1883"]
[BlackElo "1895"]
[PlyCount "61"]
[EventDate "2013.11.12"]

1. e4 e6 2. d4 d5 3. Nc3 dxe4 4. Nxe4 Nf6 5. Nxf6+ Qxf6 6. Nf3 h6 7. Bc4 Be7 8.
O-O O-O 9. Re1 a6 10. Qe2 Bd6 11. Ne5 b5 12. Qe4 Ra7 13. Bd3 Qf5 14. Qh4 Qf6
15. Qh3 Bb7 16. Ng4 Qxd4 17. Be3 Qxb2 18. Bxa7 Nc6 19. Be3 Ne5 20. Nxe5 Bxe5
21. Rad1 f5 22. Bc1 Qc3 23. Qe3 Qc6 24. Bf1 Bd6 25. Qxe6+ Kh8 26. Qb3 Qd7 27.
Ba3 Qc6 28. Bxd6 cxd6 29. Re6 Rd8 30. Qd3 Qc4 31. Qxf5 1-0

[Event "Wch Seniors 23rd 2013"]
[Site "Opatija"]
[Date "2013.11.22"]
[Round "10.87"]
[White "Benson, Lachlan"]
[Black "Strohbusch, Frank"]
[Result "0-1"]
[WhiteElo "2039"]
[BlackElo "1855"]
[PlyCount "66"]
[EventDate "2013.11.12"]

1. e4 e6 2. d4 d5 3. Nc3 Bb4 4. Qg4 Nf6 5. Qxg7 Rg8 6. Qh6 Rg6 7. Qe3 Nxe4 8.
Nge2 c5 9. f3 Qh4+ 10. g3 Nxg3 11. hxg3 Qxh1 12. a3 cxd4 13. Qxd4 Nc6 14. Qh8+
Bf8 15. Nb5 Ke7 16. Bf4 Bg7 17. Bd6+ Kd7 18. Qg8 Bc3+ 19. Nexc3 Rxg8 20. Bf4 e5
21. O-O-O exf4 22. Nxd5 Rxg3 23. Ndc7+ Ke7 24. Nxa8 Qxf3 25. Nac7 Qe3+ 26. Kb1
Be6 27. Nc3 Kf8 28. N7d5 Qf2 29. Nf6 Rg1 30. Bd3 Rxd1+ 31. Nxd1 Qe1 32. Nxh7+
Kg7 33. Kc1 Bg4 0-1

[Event "Wch Seniors 23rd 2013"]
[Site "Opatija"]
[Date "2013.11.22"]
[Round "10.89"]
[White "Kiss, Istvan"]
[Black "Kummer, Heinz"]
[Result "1-0"]
[WhiteElo "1880"]
[BlackElo "1788"]
[PlyCount "83"]
[EventDate "2013.11.12"]

1. e4 c5 2. Nf3 Nc6 3. d4 cxd4 4. Nxd4 a6 5. c4 Qb6 6. Nf3 d6 7. Nc3 e6 8. Qb3
Qb4 9. Bd2 Qxb3 10. axb3 Nf6 11. Be2 Be7 12. h3 Nd7 13. O-O O-O 14. Be3 g6 15.
Rfd1 Nc5 16. Ra3 f5 17. exf5 gxf5 18. Bg5 Kf7 19. Be3 Rb8 20. Ng5+ Kg6 21. h4
h5 22. Nh3 Ne5 23. Nf4+ Kh7 24. Bxh5 Rg8 25. b4 Ne4 26. Nxe4 fxe4 27. c5 d5 28.
Bd4 Nc6 29. Bf7 Rf8 30. Bg6+ Kh6 31. Be3 Rxf4 32. Bxf4+ Kxg6 33. Bxb8 Nxb8 34.
Rg3+ Kh6 35. Rg8 Nc6 36. Rxc8 Nxb4 37. Rc7 Bxh4 38. Rxb7 a5 39. Rb6 Bg5 40.
Rxe6+ Kg7 41. c6 Bd8 42. Rd6 1-0

[Event "Wch Seniors 23rd 2013"]
[Site "Opatija"]
[Date "2013.11.22"]
[Round "10.90"]
[White "Barkman, Rolf"]
[Black "Keze, Arnis"]
[Result "1-0"]
[WhiteElo "1867"]
[BlackElo "1735"]
[PlyCount "71"]
[EventDate "2013.11.12"]

1. e4 c5 2. f4 Nc6 3. Nc3 d6 4. a4 Nf6 5. d3 e6 6. Nf3 Be7 7. Be2 O-O 8. O-O a6
9. Qe1 Qc7 10. Bd1 b6 11. Ne2 Bb7 12. c3 Rfd8 13. Ng3 Rac8 14. f5 h6 15. fxe6
fxe6 16. Bb3 d5 17. e5 Nd7 18. d4 Rf8 19. Nh5 cxd4 20. cxd4 Na5 21. Ba2 Qd8 22.
Qg3 g5 23. h4 Kh8 24. hxg5 hxg5 25. Bxg5 Rxf3 26. Rxf3 Bxg5 27. Qh3 Bh6 28. Nf6
Nxf6 29. Rxf6 Qxf6 30. exf6 Kh7 31. Bb1+ Kg8 32. Qxh6 Rc7 33. Bg6 Nc4 34. Rf1
Nd6 35. f7+ Nxf7 36. Qh7+ 1-0

[Event "Wch Seniors 23rd 2013"]
[Site "Opatija"]
[Date "2013.11.22"]
[Round "10.91"]
[White "Urbanc, Vinko"]
[Black "Schwertel, Johann"]
[Result "1-0"]
[WhiteElo "1842"]
[BlackElo "2016"]
[PlyCount "47"]
[EventDate "2013.11.12"]

1. e4 e6 2. d4 d5 3. Nc3 c6 4. Nf3 dxe4 5. Nxe4 Be7 6. Be2 Nf6 7. Nxf6+ Bxf6 8.
Be3 Nd7 9. Qd2 Nb6 10. c4 O-O 11. O-O Qe7 12. Rad1 Rd8 13. Rfe1 g6 14. Ng5 Bd7
15. Ne4 Bg7 16. Qa5 Be8 17. Rd2 Nd7 18. Qc7 Qb4 19. Nd6 Nf8 20. Nxe8 Rd7 21. a3
Qxd2 22. Bxd2 Rxc7 23. Nxc7 Rc8 24. Bf4 1-0

[Event "Wch Seniors 23rd 2013"]
[Site "Opatija"]
[Date "2013.11.22"]
[Round "10.92"]
[White "Karabut, Vladimir"]
[Black "Bauza Mercere, Eduardo"]
[Result "1/2-1/2"]
[WhiteElo "2044"]
[BlackElo "1811"]
[PlyCount "58"]
[EventDate "2013.11.12"]

1. d4 Nf6 2. f4 d5 3. Nf3 g6 4. e3 Bg7 5. Be2 O-O 6. O-O b6 7. Ne5 c5 8. c3 Ba6
9. Bxa6 Nxa6 10. Nd2 Qc7 11. Qa4 Nb8 12. Ndf3 Ne4 13. Qb3 c4 14. Qb5 e6 15. Nd2
a6 16. Qa4 Nd6 17. Qc2 f6 18. Ng4 Nd7 19. Nf3 Ne4 20. Bd2 b5 21. a3 a5 22. Nf2
f5 23. Nxe4 fxe4 24. Ne5 Nxe5 25. fxe5 Qe7 26. a4 Qd7 27. Rxf8+ Rxf8 28. axb5
Qxb5 29. Bc1 Ra8 1/2-1/2

[Event "Wch Seniors 23rd 2013"]
[Site "Opatija"]
[Date "2013.11.22"]
[Round "10.93"]
[White "Zilbershtein, Victor"]
[Black "Sevenyuk, Alexey"]
[Result "0-1"]
[WhiteElo "1780"]
[BlackElo "1886"]
[PlyCount "60"]
[EventDate "2013.11.12"]

1. d4 d5 2. e3 c6 3. Bd3 e6 4. Nf3 Nd7 5. O-O Bd6 6. b3 f5 7. Bb2 Ngf6 8. Nbd2
O-O 9. Ne5 Ne4 10. f3 Nxd2 11. Qxd2 Qf6 12. f4 Qe7 13. c4 Nf6 14. Kh1 Bd7 15.
Qe2 Be8 16. a4 a5 17. cxd5 cxd5 18. Bc3 Bb4 19. Rac1 Bh5 20. Qe1 Rfc8 21. Bxb4
Qxb4 22. Qxb4 axb4 23. Rc5 Rxc5 24. dxc5 Ng4 25. Nxg4 Bxg4 26. Kg1 Bh5 27. Bb5
Be8 28. Re1 Kf7 29. c6 Bxc6 30. Bxc6 bxc6 0-1

[Event "Wch Seniors 23rd 2013"]
[Site "Opatija"]
[Date "2013.11.22"]
[Round "10.94"]
[White "Haupt, Joachim"]
[Black "Nielsen, Peter"]
[Result "1/2-1/2"]
[WhiteElo "1870"]
[BlackElo "1769"]
[PlyCount "34"]
[EventDate "2013.11.12"]

1. Nf3 f5 2. c4 Nf6 3. Nc3 g6 4. d4 Bg7 5. Bf4 d6 6. h3 O-O 7. Qd2 Ne4 8. Qe3
Nxc3 9. bxc3 Nd7 10. Bh6 Nf6 11. Bxg7 Kxg7 12. Nd2 h5 13. g3 e6 14. Bg2 Re8 15.
f4 Qe7 16. Nf3 Ne4 17. Nh4 d5 1/2-1/2

[Event "Wch Seniors 23rd 2013"]
[Site "Opatija"]
[Date "2013.11.22"]
[Round "10.95"]
[White "Thonig, Manfred"]
[Black "Alavi, Mir Mahmood"]
[Result "0-1"]
[WhiteElo "1553"]
[BlackElo "1852"]
[PlyCount "60"]
[EventDate "2013.11.12"]

1. e4 d5 2. exd5 Nf6 3. c4 c6 4. d4 cxd5 5. Nc3 e6 6. Nf3 Nc6 7. Bg5 Be7 8. Be2
h6 9. Bxf6 Bxf6 10. O-O dxc4 11. Bxc4 Nxd4 12. Nxd4 Qxd4 13. Qb3 O-O 14. Rad1
Qc5 15. Ne4 Qe7 16. Rfe1 b6 17. Rd3 Bb7 18. Nxf6+ Qxf6 19. Rde3 Kh8 20. Re5
Rad8 21. Qe3 Rd6 22. f4 Rfd8 23. g4 Rd2 24. Be2 Rxb2 25. g5 Qg6 26. h4 Rd5 27.
Qa3 Rxe5 28. Qf8+ Kh7 29. fxe5 Qe4 30. Bd3 Qxd3 0-1

[Event "Wch Seniors 23rd 2013"]
[Site "Opatija"]
[Date "2013.11.23"]
[Round "11.1"]
[White "Vaisser, Anatoly"]
[Black "Herzog, Adolf"]
[Result "1/2-1/2"]
[WhiteElo "2523"]
[BlackElo "2379"]
[PlyCount "81"]
[EventDate "2013.11.12"]

1. d4 d5 2. c4 c6 3. cxd5 cxd5 4. Nc3 Nf6 5. Bf4 Nc6 6. e3 a6 7. Bd3 Bg4 8.
Nge2 e6 9. Rc1 Be7 10. Bg5 O-O 11. O-O Nd7 12. Bxe7 Qxe7 13. Qb3 Rfc8 14. Ng3
Na5 15. Qc2 h5 16. f3 h4 17. Nge2 Bh5 18. Nf4 Qg5 19. Qd2 Nb6 20. b3 Nc6 21.
Nce2 Nd7 22. Rc2 Nf6 23. Nxh5 Nxh5 24. Rfc1 Re8 25. e4 Qxd2 26. Rxd2 Nb4 27.
Bb1 Rac8 28. Rdd1 g5 29. a3 Rxc1 30. Rxc1 Nc6 31. g3 hxg3 32. hxg3 Kg7 33. Kf2
Nf6 34. e5 Ng8 35. Rh1 f5 36. Rh5 Kg6 37. g4 Nh6 38. Ke3 Rh8 39. b4 Ne7 40. Kd2
Rc8 41. Bd3 1/2-1/2

[Event "Wch Seniors 23rd 2013"]
[Site "Opatija"]
[Date "2013.11.23"]
[Round "11.2"]
[White "Suba, Mihai"]
[Black "Kristiansen, Jens"]
[Result "1/2-1/2"]
[WhiteElo "2413"]
[BlackElo "2407"]
[PlyCount "72"]
[EventDate "2013.11.12"]

1. c4 g6 2. d4 Bg7 3. Nc3 d6 4. e4 Nf6 5. h3 O-O 6. Bg5 Na6 7. Nge2 c6 8. g4 e5
9. d5 cxd5 10. cxd5 Nc5 11. Ng3 Qb6 12. Rb1 a5 13. Be2 Bd7 14. O-O Kh8 15. Qd2
Ng8 16. Be3 Ne7 17. Kh2 a4 18. Bd1 Qb4 19. Bc2 b5 20. a3 Qc4 21. Rbc1 Rac8 22.
Nce2 Nb3 23. Bxb3 Qxb3 24. g5 f5 25. gxf6 Bxf6 26. Rxc8 Nxc8 27. Rc1 Bg5 28.
Kg2 Bxe3 29. fxe3 Nb6 30. Rc3 Nc4 31. Qc1 Qa2 32. Rc2 Rc8 33. Kh2 Qb3 34. Rc3
Qa2 35. Rc2 Qb3 36. Rc3 Qa2 1/2-1/2

[Event "Wch Seniors 23rd 2013"]
[Site "Opatija"]
[Date "2013.11.23"]
[Round "11.3"]
[White "Mochalov, Evgeny V"]
[Black "Balashov, Yuri S"]
[Result "1/2-1/2"]
[WhiteElo "2404"]
[BlackElo "2440"]
[PlyCount "58"]
[EventDate "2013.11.12"]

1. d4 Nf6 2. c4 g6 3. Nc3 d5 4. Nf3 Bg7 5. e3 O-O 6. Qb3 e6 7. Bd2 c6 8. Bd3
Nbd7 9. O-O b6 10. cxd5 exd5 11. e4 dxe4 12. Nxe4 c5 13. Nxf6+ Nxf6 14. dxc5
bxc5 15. Bc4 Qc7 16. Bc3 Rb8 17. Qa3 Ne4 18. Bxg7 Kxg7 19. Bd5 Nf6 20. Qc3 Qb6
21. b3 Qb4 22. Qb2 Bb7 23. Bxb7 Rxb7 24. Rac1 c4 25. Rc3 Re8 26. h3 Rb6 27.
Rfc1 cxb3 28. Rxb3 Qd6 29. Rxb6 Qxb6 1/2-1/2

[Event "Wch Seniors 23rd 2013"]
[Site "Opatija"]
[Date "2013.11.23"]
[Round "11.6"]
[White "Pritchett, Craig W"]
[Black "Rukavina, Josip"]
[Result "1/2-1/2"]
[WhiteElo "2359"]
[BlackElo "2405"]
[PlyCount "115"]
[EventDate "2013.11.12"]

1. e4 c5 2. Nf3 g6 3. d4 Bg7 4. d5 d6 5. Nc3 Nf6 6. Bb5+ Bd7 7. a4 O-O 8. O-O
Bg4 9. Re1 Nbd7 10. h3 Bxf3 11. Qxf3 a6 12. Bf1 Ne8 13. a5 Nc7 14. Qd1 Re8 15.
Be3 Qb8 16. Qd2 b5 17. axb6 Qxb6 18. Na4 Qb7 19. Ra2 Rab8 20. Rea1 Qb4 21. Qxb4
Rxb4 22. f3 Reb8 23. c3 R4b7 24. Rd1 Kf8 25. Kf2 Kg8 26. Be2 Nf6 27. Rd2 Rf8
28. Bc4 Kh8 29. g4 Nb5 30. Be2 Nd7 31. f4 Rbb8 32. Bf3 Rbc8 33. Ra1 f5 34. exf5
gxf5 35. g5 Rfe8 36. Bh5 Rf8 37. h4 Rb8 38. Bf3 Nc7 39. Rad1 h6 40. Re2 Rfd8
41. Bc1 Bf8 42. Bg2 Rb5 43. Bh3 Ra5 44. b3 c4 45. Bxf5 cxb3 46. Bxd7 Rxd7 47.
Nb6 Rd8 48. c4 Bg7 49. Rd3 Ra1 50. Bb2 Bxb2 51. Rxb2 Ne8 52. Rbxb3 Ng7 53. Ra3
Rh1 54. Rh3 Rb1 55. Rhb3 Rh1 56. Rh3 Rb1 57. Rhb3 Rh1 58. Rh3 1/2-1/2

[Event "Wch Seniors 23rd 2013"]
[Site "Opatija"]
[Date "2013.11.23"]
[Round "11.7"]
[White "Van Riemsdijk, Herman C"]
[Black "Berkovich, Mark A"]
[Result "1/2-1/2"]
[WhiteElo "2347"]
[BlackElo "2357"]
[PlyCount "39"]
[EventDate "2013.11.12"]

1. e4 e5 2. Nf3 d6 3. d4 exd4 4. Nxd4 Nf6 5. Nc3 Be7 6. Be2 O-O 7. O-O Re8 8.
Re1 Bf8 9. Bf1 Nbd7 10. Bg5 c6 11. Qd2 Ne5 12. f3 Ng6 13. Rad1 h6 14. Be3 Bd7
15. Qf2 b5 16. a3 a5 17. Nb3 b4 18. axb4 axb4 19. Nb1 c5 20. N1d2 1/2-1/2

[Event "Wch Seniors 23rd 2013"]
[Site "Opatija"]
[Date "2013.11.23"]
[Round "11.9"]
[White "Lind, Jan-Olof"]
[Black "Chernikov, Oleg L"]
[Result "1/2-1/2"]
[WhiteElo "2238"]
[BlackElo "2400"]
[PlyCount "84"]
[EventDate "2013.11.12"]

1. e4 g6 2. Nf3 Bg7 3. d3 c6 4. g3 d5 5. Nbd2 Bg4 6. Bg2 e6 7. O-O Ne7 8. Rb1
a5 9. b3 O-O 10. Bb2 Bxb2 11. Rxb2 Nd7 12. Qe1 Bxf3 13. Nxf3 Qb6 14. Qd2 Rfe8
15. h4 dxe4 16. dxe4 Rad8 17. Qh6 Qc5 18. c4 Nf8 19. Rd2 Rxd2 20. Qxd2 Qb4 21.
Qf4 Nc8 22. Rd1 Qe7 23. e5 Rd8 24. Re1 Nb6 25. Qh6 a4 26. h5 axb3 27. axb3 Rd3
28. Re3 Rxe3 29. Qxe3 Nbd7 30. h6 Qc5 31. Qf4 Qe7 32. Bf1 Nc5 33. b4 Na6 34. c5
Nc7 35. Nd2 Nd5 36. Qg4 Nd7 37. Nf3 b6 38. cxb6 N7xb6 39. b5 c5 40. Qe4 Qf8 41.
Qh4 Qe7 42. Qe4 Qf8 1/2-1/2

[Event "Wch Seniors 23rd 2013"]
[Site "Opatija"]
[Date "2013.11.23"]
[Round "11.11"]
[White "Mishuchkov, Nikolai M"]
[Black "Lederman, Leon"]
[Result "1/2-1/2"]
[WhiteElo "2367"]
[BlackElo "2245"]
[PlyCount "23"]
[EventDate "2013.11.12"]

1. d4 d5 2. c4 c6 3. cxd5 cxd5 4. Nc3 Nc6 5. Nf3 Nf6 6. Bf4 e6 7. e3 Bd6 8.
Bxd6 Qxd6 9. Bd3 O-O 10. O-O b6 11. Qe2 Bb7 12. Rfc1 1/2-1/2

[Event "Wch Seniors 23rd 2013"]
[Site "Opatija"]
[Date "2013.11.23"]
[Round "11.13"]
[White "Sloth, Jorn"]
[Black "Karason, Askell O"]
[Result "1/2-1/2"]
[WhiteElo "2338"]
[BlackElo "2220"]
[PlyCount "22"]
[EventDate "2013.11.12"]

1. g3 c5 2. c4 g6 3. Bg2 Bg7 4. Nc3 Nc6 5. b3 e6 6. Bb2 Nge7 7. Na4 Bxb2 8.
Nxb2 d6 9. Nf3 Nf5 10. O-O O-O 11. Nd3 e5 1/2-1/2

[Event "Wch Seniors 23rd 2013"]
[Site "Opatija"]
[Date "2013.11.23"]
[Round "11.15"]
[White "La Rota, Fabio"]
[Black "Wahlbom, Magnus"]
[Result "0-1"]
[WhiteElo "2258"]
[BlackElo "2304"]
[PlyCount "90"]
[EventDate "2013.11.12"]

1. e4 d5 2. Nc3 dxe4 3. Nxe4 Nf6 4. Nxf6+ gxf6 5. Qh5 e6 6. Nf3 Nc6 7. c3 Qe7
8. d4 b6 9. Be3 Bb7 10. b4 O-O-O 11. a4 e5 12. b5 Nxd4 13. cxd4 exd4 14. Qf5+
Kb8 15. Nxd4 Qb4+ 16. Ke2 Qb2+ 17. Qc2 Qxa1 18. Nc6+ Bxc6 19. bxc6 Ba3 20. g3
Qb2 21. Qxb2 Bxb2 22. Bh3 Bd4 23. Bf4 Rhe8+ 24. Kf3 Be5 25. Be3 Rd5 26. Rb1 Bd6
27. Bd7 Re7 28. Rc1 Bc5 29. Bxc5 Rxc5 30. Rd1 a6 31. Rd4 b5 32. axb5 axb5 33.
Rg4 Rd5 34. Rg8+ Ka7 35. Bc8 b4 36. Bb7 b3 37. Ra8+ Kb6 38. Ra1 b2 39. Rb1 Rb5
40. g4 h6 41. h4 Ree5 42. Bc8 Rb3+ 43. Kg2 Rc5 44. Bf5 Rxf5 45. gxf5 Kxc6 0-1

[Event "Wch Seniors 23rd 2013"]
[Site "Opatija"]
[Date "2013.11.23"]
[Round "11.16"]
[White "Acers, Jude"]
[Black "Cebalo, Miso"]
[Result "0-1"]
[WhiteElo "2230"]
[BlackElo "2415"]
[PlyCount "81"]
[EventDate "2013.11.12"]

1. e4 c5 2. d4 cxd4 3. c3 dxc3 4. Nxc3 Nc6 5. Nf3 d6 6. Bc4 a6 7. Bf4 e6 8. O-O
Nf6 9. Qe2 b5 10. Bb3 e5 11. Bg5 Be7 12. h3 Be6 13. Bxf6 Bxf6 14. Rfd1 O-O 15.
Nd5 Bxd5 16. Bxd5 Rc8 17. a4 Qb6 18. axb5 axb5 19. Qe3 Nd4 20. Nxd4 exd4 21.
Qb3 g6 22. Rdc1 Rc5 23. Rd1 Kg7 24. Ra8 Rxa8 25. Bxa8 h5 26. Bd5 Qc7 27. f4 h4
28. Kh2 Rc1 29. Rd2 Qa5 30. Rd1 Qa1 31. Rxc1 Qxc1 32. Qf3 Qxb2 33. e5 dxe5 34.
f5 Bg5 35. f6+ Kh6 36. Qf1 Bf4+ 37. Kh1 d3 38. Bxf7 Qe2 39. Qb1 e4 40. Bb3 d2
41. Qd1 0-1

[Event "Wch Seniors 23rd 2013"]
[Site "Opatija"]
[Date "2013.11.23"]
[Round "11.17"]
[White "Schmidt, Gerhard"]
[Black "Blechzin, Igor"]
[Result "1/2-1/2"]
[WhiteElo "2237"]
[BlackElo "2411"]
[PlyCount "54"]
[EventDate "2013.11.12"]

1. d4 Nf6 2. Nf3 g6 3. c4 Bg7 4. Nc3 d6 5. e3 O-O 6. Be2 Nbd7 7. O-O e5 8. b3
Re8 9. dxe5 dxe5 10. Bb2 e4 11. Nd4 Ne5 12. Rb1 Nd3 13. Ba1 c5 14. Nc2 Bf5 15.
f3 exf3 16. gxf3 Nb4 17. e4 Bh3 18. Rf2 Bh6 19. Bf1 Bxf1 20. Qxf1 Nxc2 21. Rxc2
Be3+ 22. Kh1 Bd4 23. Nd5 Nxd5 24. cxd5 Qf6 25. Rxc5 Rxe4 26. fxe4 Qxf1+ 27.
Rxf1 Bxc5 1/2-1/2

[Event "Wch Seniors 23rd 2013"]
[Site "Opatija"]
[Date "2013.11.23"]
[Round "11.18"]
[White "Furman, Boris"]
[Black "Shevelev, Arkady"]
[Result "1/2-1/2"]
[WhiteElo "2194"]
[BlackElo "2302"]
[PlyCount "67"]
[EventDate "2013.11.12"]

1. d4 Nf6 2. c4 c5 3. d5 b5 4. cxb5 a6 5. bxa6 Bxa6 6. Nc3 d6 7. e4 Qa5 8. Bd3
g6 9. Nf3 Bg7 10. O-O O-O 11. Bxa6 Qxa6 12. e5 Ng4 13. e6 f5 14. Bg5 Ra7 15.
Qd2 Qa5 16. h3 Nf6 17. Bh6 Na6 18. Bxg7 Kxg7 19. Ng5 Nc7 20. Rfd1 Rb8 21. Nf7
Ng8 22. b3 Nb5 23. Nxb5 Qxd2 24. Rxd2 Rxb5 25. Rc1 Rb8 26. f3 Nf6 27. g4 fxg4
28. fxg4 Rba8 29. Rcc2 Ne4 30. Re2 Nf6 31. Rcd2 h6 32. g5 hxg5 33. Nxg5 Rh8 34.
Ne4 1/2-1/2

[Event "Wch Seniors 23rd 2013"]
[Site "Opatija"]
[Date "2013.11.23"]
[Round "11.21"]
[White "Piasetski, Leon"]
[Black "Sasu-Ducsoara, Adrian-Florian"]
[Result "1-0"]
[WhiteElo "2288"]
[BlackElo "2176"]
[PlyCount "63"]
[EventDate "2013.11.12"]

1. c4 e5 2. Nc3 Nf6 3. Nf3 Nc6 4. d3 Bb4 5. Bd2 a5 6. a3 Bc5 7. e3 d6 8. Be2
O-O 9. O-O h6 10. Na4 e4 11. Ne1 exd3 12. Nxd3 Ne4 13. Naxc5 dxc5 14. Be1 b6
15. Nf4 Bd7 16. f3 Nd6 17. Nd5 Be6 18. Bg3 Bxd5 19. cxd5 Ne7 20. e4 f6 21. Qc2
Qd7 22. a4 Rad8 23. Rad1 Kh8 24. Rd2 g5 25. e5 Ndf5 26. exf6 Nxd5 27. Be5 Qe6
28. Qe4 Nxf6 29. Rxd8 Rxd8 30. Bc4 Qe7 31. Qxf5 Kg7 32. f4 1-0

[Event "Wch Seniors 23rd 2013"]
[Site "Opatija"]
[Date "2013.11.23"]
[Round "11.22"]
[White "Taksrud, Vidar"]
[Black "Jorgensen, Jorgen"]
[Result "1-0"]
[WhiteElo "2063"]
[BlackElo "2257"]
[PlyCount "93"]
[EventDate "2013.11.12"]

1. Nf3 f5 2. d4 Nf6 3. Nc3 d6 4. Bg5 Nbd7 5. Qd3 e6 6. e4 fxe4 7. Nxe4 Be7 8.
O-O-O O-O 9. h4 Qe8 10. h5 Nxe4 11. Qxe4 Nf6 12. Bxf6 gxf6 13. Qg4+ Kh8 14. Nh4
f5 15. Ng6+ Kg7 16. h6+ Kf6 17. Qh4+ Kf7 18. Nxe7 Qxe7 19. Qh5+ Kg8 20. Rd3 f4
21. g3 f3 22. Qg4+ Kh8 23. Rxf3 Bd7 24. Bd3 Rxf3 25. Qxf3 Bc6 26. Be4 Rf8 27.
Qe3 Bxe4 28. Qxe4 Rxf2 29. Qxb7 Qg5+ 30. Kb1 Qxh6 31. a4 Qg7 32. Qxa7 Qf7 33.
Qa6 Kg7 34. Qd3 Kg8 35. Qe3 Qf5 36. Qb3 Qe4 37. Rh4 Qe1+ 38. Ka2 Kg7 39. Qd3 h6
40. Rg4+ Kf8 41. Qh7 Rf7 42. Qxh6+ Ke7 43. Qg5+ Ke8 44. Qb5+ Ke7 45. Rg8 d5 46.
Qe8+ Kf6 47. Qd8+ 1-0

[Event "Wch Seniors 23rd 2013"]
[Site "Opatija"]
[Date "2013.11.23"]
[Round "11.23"]
[White "Turikov, Viktor"]
[Black "Altshul, Raffael"]
[Result "1/2-1/2"]
[WhiteElo "2256"]
[BlackElo "2150"]
[PlyCount "68"]
[EventDate "2013.11.12"]

1. d4 Nf6 2. Nc3 d5 3. Bg5 Nbd7 4. Nf3 h6 5. Bf4 a6 6. g3 c5 7. Bg2 e6 8. O-O
b5 9. a3 Bb7 10. Ne5 Rc8 11. Nxd7 Qxd7 12. e3 Be7 13. dxc5 Bxc5 14. Be5 Be7 15.
Bd4 O-O 16. f4 Qc7 17. Rf2 Rfd8 18. Bf3 Ne4 19. Bxe4 dxe4 20. Qg4 Rxd4 21. exd4
e3 22. Re2 Qc6 23. d5 exd5 24. Qf3 d4 25. Qxc6 Bxc6 26. Na2 Bf3 27. Rae1 Bxe2
28. Rxe2 f5 29. Nc1 Kf7 30. Nd3 Bf6 31. Kg2 Ke6 32. Kf3 a5 33. h3 Kd5 34. Rg2
h5 1/2-1/2

[Event "Wch Seniors 23rd 2013"]
[Site "Opatija"]
[Date "2013.11.23"]
[Round "11.24"]
[White "Vrhovnik, Damir"]
[Black "Frick, Christoph"]
[Result "1-0"]
[WhiteElo "2108"]
[BlackElo "2254"]
[PlyCount "91"]
[EventDate "2013.11.12"]

1. Nf3 d6 2. d4 Bg4 3. g3 Bxf3 4. exf3 d5 5. Bf4 c6 6. c3 Nd7 7. Qb3 Qb6 8. Nd2
e6 9. a4 Ne7 10. Bd3 Ng6 11. Be3 Bd6 12. O-O Qc7 13. f4 f5 14. c4 O-O 15. c5
Be7 16. Qc2 Nf6 17. Nf3 Ng4 18. Bd2 Rae8 19. b4 Nf6 20. b5 Ne4 21. Be3 Rb8 22.
Rfc1 Rfc8 23. h4 Bf6 24. Rab1 Nf8 25. Kg2 g6 26. Ne5 Bg7 27. Rb3 Nf6 28. Rcb1
N6d7 29. bxc6 bxc6 30. Bd2 Nxe5 31. fxe5 Nd7 32. f4 Kf7 33. a5 Rxb3 34. Rxb3
Rb8 35. a6 Ke8 36. Ra3 Bf8 37. Ba5 Qc8 38. h5 Be7 39. hxg6 hxg6 40. Ra1 Kf7 41.
Rh1 Kg7 42. Kf3 Bf8 43. Qh2 Kf7 44. Qh8 Rb3 45. Rh7+ Ke8 46. Qg8 1-0

[Event "Wch Seniors 23rd 2013"]
[Site "Opatija"]
[Date "2013.11.23"]
[Round "11.27"]
[White "Sorensen, Bent"]
[Black "Tsomaia, Sergo"]
[Result "1-0"]
[WhiteElo "2247"]
[BlackElo "1859"]
[PlyCount "101"]
[EventDate "2013.11.12"]

1. Nf3 Nf6 2. g3 c5 3. Bg2 Nc6 4. c4 d5 5. cxd5 Nxd5 6. d4 e6 7. O-O Be7 8.
dxc5 Bxc5 9. Qc2 Qb6 10. a3 O-O 11. b4 Bd4 12. Nxd4 Nxd4 13. Qb2 Rd8 14. e3 Nc6
15. e4 Nde7 16. Be3 Nd4 17. Nc3 e5 18. Rad1 Be6 19. Na4 Qc6 20. Nc5 Bg4 21. f3
Nxf3+ 22. Rxf3 Bxf3 23. Bxf3 Rxd1+ 24. Bxd1 b6 25. Ba4 Qd6 26. Nd7 Qd3 27. Bf2
Qxe4 28. Qxe5 Qxe5 29. Nxe5 Ng6 30. Nxg6 hxg6 31. Kf1 Rc8 32. Be1 Rc1 33. Bb5
Ra1 34. a4 Ra2 35. h3 Rb2 36. Bc6 Kf8 37. a5 Ke7 38. b5 Kd6 39. axb6 axb6 40.
Bf2 Kc7 41. Bd4 Rb1+ 42. Ke2 f6 43. h4 Rb3 44. Be3 Rc3 45. Bf4+ Kd8 46. Bd6 Kc8
47. Kf2 g5 48. hxg5 fxg5 49. Be5 Rb3 50. Bxg7 Kc7 51. Be5+ 1-0

[Event "Wch Seniors 23rd 2013"]
[Site "Opatija"]
[Date "2013.11.23"]
[Round "11.28"]
[White "Serra Olives, Tomas"]
[Black "Gergel, Vladimir P"]
[Result "1-0"]
[WhiteElo "2169"]
[BlackElo "2237"]
[PlyCount "43"]
[EventDate "2013.11.12"]

1. e4 e5 2. Nf3 Nc6 3. Bb5 a6 4. Ba4 Nf6 5. O-O b5 6. Bb3 Bc5 7. a4 Rb8 8. c3
d6 9. d4 Bb6 10. axb5 axb5 11. h3 O-O 12. Re1 h6 13. Na3 exd4 14. cxd4 Na5 15.
Ba2 b4 16. Nc4 Nxc4 17. Bxc4 Nxe4 18. Rxe4 d5 19. Ne5 Qd6 20. Nxf7 Rxf7 21.
Re8+ Kh7 22. Bd3+ 1-0

[Event "Wch Seniors 23rd 2013"]
[Site "Opatija"]
[Date "2013.11.23"]
[Round "11.30"]
[White "Titz, Heimo"]
[Black "Pushkov, Nikolai"]
[Result "0-1"]
[WhiteElo "2174"]
[BlackElo "2371"]
[PlyCount "120"]
[EventDate "2013.11.12"]

1. Nf3 Nf6 2. g3 b6 3. Bg2 Bb7 4. O-O e6 5. c4 Be7 6. Nc3 O-O 7. d4 Na6 8. Bg5
c5 9. Rc1 Ne4 10. Bxe7 Qxe7 11. Nxe4 Bxe4 12. Qa4 Nb4 13. Rfd1 Bc6 14. Qb3 d6
15. a3 Na6 16. Qd3 Rac8 17. e4 cxd4 18. Nxd4 Nc5 19. Qe3 Bd7 20. b4 Na4 21. Rc2
a6 22. Rdc1 Rc7 23. f4 Rd8 24. e5 dxe5 25. fxe5 a5 26. Qb3 Qg5 27. Nf3 Qe7 28.
Rd1 Be8 29. Rxd8 Qxd8 30. Rd2 Rd7 31. Qe3 Qc7 32. Rxd7 Bxd7 33. Qd4 axb4 34.
axb4 Bc6 35. Kf2 Qd7 36. Qxd7 Bxd7 37. Nd4 Kf8 38. Ke3 Nb2 39. Bf1 f6 40. exf6
gxf6 41. Be2 e5 42. Nb3 Be6 43. Nd2 Ke7 44. c5 bxc5 45. bxc5 Na4 46. Ne4 Bd7
47. Bd1 f5 48. Bxa4 Bxa4 49. Ng5 h6 50. Nf3 Ke6 51. Nh4 Bd7 52. Kd3 Kd5 53. Ng6
f4 54. Ne7+ Ke6 55. c6 Kxe7 56. cxd7 fxg3 57. hxg3 Kxd7 58. Ke4 Ke6 59. g4 Kf6
60. Ke3 Kg5 0-1